[Event "Tournoi francophone 016 Groupe C"]
[Site "Skype"]
[Date "????.??.??"]
[Round "1.1"]
[White "Fernandez Arrizabala, Raul"]
[Black "Pouteau, Pascal"]
[Result "0-1"]
[WhiteElo "1426"]
[BlackElo "1345"]
[PlyCount "92"]

1. e4 c6 2. d4 d5 3. Bd3 Bd7 4. c3 Nf6 5. e5 Ne4 6. Nd2 Bf5 7. Nf1 e6 8. f3
Qh4+ 9. g3 Qh5 10. fxe4 Qxd1+ 11. Kxd1 dxe4 12. Bc4 Nd7 13. Ne3 Bg6 14. h4 h6
15. a4 O-O-O 16. Be2 Nxe5 17. h5 Bh7 18. Kc2 Nf3 19. Kb3 Ng5 20. Nh3 Be7 21.
Bd2 e5 22. Rad1 exd4 23. cxd4 Rxd4 24. Nc2 Rd7 25. Nxg5 hxg5 26. Be3 f5 27.
Rxd7 Kxd7 28. h6 gxh6 29. Rxh6 Bg8+ 30. Bc4 Bxc4+ 31. Kxc4 Rxh6 32. Bxa7 Rh3
33. Ne3 Rxg3 34. Nxf5 Rg2 35. Nxe7 Kxe7 36. Bd4 Ke6 37. Kc5 Kd7 38. Kb6 Kc8 39.
a5 g4 40. a6 bxa6 41. Kxc6 Rd2 42. Bc3 Rc2 43. Kb6 g3 44. Bd4 g2 45. Kxa6 Rxb2
46. Bxb2 g1=Q 0-1

[Event "Tournoi francophone 016 Groupe C"]
[Site "Skype"]
[Date "????.??.??"]
[Round "1.2"]
[White "Gharbi, Said"]
[Black "Le Brun, Yves"]
[Result "1/2-1/2"]
[WhiteElo "1318"]
[BlackElo "1335"]
[PlyCount "47"]

1. e4 d5 2. e5 c6 3. d4 Bf5 4. c4 Bxb1 5. Rxb1 e6 6. a3 c5 7. cxd5 Qxd5 8. Be3
cxd4 9. Qxd4 Qxd4 10. Bxd4 a6 11. g3 Nc6 12. Bc3 Bc5 13. Rd1 Rd8 14. Rxd8+ Nxd8
15. Nf3 Ne7 16. Bd3 O-O 17. O-O Ndc6 18. Be4 Rd8 19. Ng5 h6 20. Nf3 Kf8 21. Rc1
Rd7 22. Bd2 Bd4 23. Rc2 Ke8 24. b4 1/2-1/2

[Event "Tournoi francophone 016 Groupe C"]
[Site "Skype"]
[Date "????.??.??"]
[Round "1.3"]
[White "Castellanos Gonzalez, Mariano"]
[Black "Amato, Ludovica"]
[Result "0-1"]
[WhiteElo "1438"]
[BlackElo "1346"]
[PlyCount "116"]

1. e4 e5 2. Nf3 Nf6 3. Nxe5 d6 4. Nf3 Nxe4 5. d4 d5 6. Bd3 Bd6 7. c4 Bb4+ 8.
Nbd2 Nxd2 9. Nxd2 dxc4 10. Bxc4 Qxd4 11. Qe2+ Be7 12. Nf3 Qc5 13. O-O O-O 14.
Be3 Qh5 15. Rad1 Nc6 16. Qc2 Bf5 17. Qb3 Na5 18. Qb5 Nxc4 19. Qxc4 Bd6 20. Bf4
Bxf4 21. Qxf4 Bg4 22. Rd3 Qf5 23. Rd4 Qxf4 24. Rxf4 Be6 25. a3 Rad8 26. Re1
Rfe8 27. Rfe4 Bd7 28. Ne5 f6 29. Nxd7 Rxe4 30. Rxe4 Rxd7 31. Kf1 Kf7 32. Ke2
Re7 33. Ke3 Rxe4+ 34. Kxe4 Ke6 35. f4 g6 36. g4 c5 37. h4 b5 38. b3 a6 39. Kd3
Kd5 40. Ke3 a5 41. h5 c4 42. hxg6 hxg6 43. g5 fxg5 44. fxg5 Ke5 45. bxc4 bxc4
46. Kd2 Kd4 47. Kc2 c3 48. Kc1 Kd3 49. Kd1 a4 50. Kc1 c2 51. Kb2 Kd2 52. Ka2
c1=R 53. Kb2 Rc3 54. Ka1 Rc2 55. Kb1 Kc3 56. Ka1 Kb3 57. Kb1 Rc3 58. Ka1 Rc1#
0-1

[Event "Tournoi francophone 016 Groupe C"]
[Site "Skype"]
[Date "????.??.??"]
[Round "1.4"]
[White "Couto, Januario"]
[Black "Sauvaget, Joel"]
[Result "1/2-1/2"]
[WhiteElo "1387"]
[BlackElo "1290"]
[PlyCount "58"]

1. e4 c5 2. c3 d6 3. Nf3 Nf6 4. h3 g6 5. Be2 Bg7 6. O-O O-O 7. d3 Bd7 8. Bg5
Bc6 9. Qd2 Nbd7 10. Bh6 Re8 11. Bxg7 Kxg7 12. Na3 a6 13. Nc2 Nf8 14. Rfe1 Qc7
15. Ne3 e6 16. Nh2 Rad8 17. Neg4 Nxg4 18. Nxg4 f6 19. Qh6+ Kh8 20. Nxf6 Re7 21.
Bf3 e5 22. Rac1 Nd7 23. Qg5 Nxf6 24. Qxf6+ Rg7 25. Re3 Kg8 26. Qe6+ Rf7 27. b4
Re8 28. Qb3 cxb4 29. cxb4 Qe7 1/2-1/2

[Event "Tournoi francophone 016 Groupe C"]
[Site "Skype"]
[Date "????.??.??"]
[Round "2.1"]
[White "Pouteau, Pascal"]
[Black "Harmelle, Dominique"]
[Result "1-0"]
[WhiteElo "1345"]
[BlackElo "1402"]
[PlyCount "81"]

1. d4 d5 2. Nc3 c6 3. e4 dxe4 4. Nxe4 Bf5 5. Ng3 Bg6 6. Nf3 Nd7 7. h4 h6 8. h5
Bh7 9. Bd3 Bxd3 10. Qxd3 e6 11. Bf4 Ngf6 12. O-O Be7 13. Rfe1 O-O 14. Ne5 Nd5
15. Nxd7 Nxf4 16. Qe4 Qxd7 17. Qxf4 Bg5 18. Qg4 f5 19. Qd1 Rad8 20. c3 Rfe8 21.
Qb3 b6 22. Nxf5 Kh7 23. Ng3 Bh4 24. Qc2+ Kh8 25. Ne4 Qf7 26. Re3 Qxh5 27. Rh3
g5 28. Nf6 Qf7 29. Nxe8 Rxe8 30. g3 Qf3 31. Qg6 Re7 32. Qxh6+ Rh7 33. Qxe6 g4
34. Qe5+ Bf6 35. Rxh7+ Kxh7 36. Qc7+ Kg6 37. Re1 Kh5 38. Qf4 Qxf4 39. gxf4 Kh4
40. Kg2 Bg7 41. Rh1# 1-0

[Event "Tournoi francophone 016 Groupe C"]
[Site "Skype"]
[Date "????.??.??"]
[Round "2.2"]
[White "Sauvaget, Joel"]
[Black "Gadow, Martin"]
[Result "1-0"]
[WhiteElo "1290"]
[BlackElo "1409"]
[PlyCount "23"]

1. d4 Nf6 2. c4 e6 3. Bf4 d5 4. e3 c5 5. Nf3 Bd6 6. Bxd6 Qxd6 7. Nc3 a6 8. cxd5
cxd4 9. Nxd4 Nxd5 10. Nf3 O-O 11. Be2 Nf6 12. Qxd6 1-0

[Event "Tournoi francophone 016 Groupe C"]
[Site "Skype"]
[Date "????.??.??"]
[Round "2.3"]
[White "Amato, Ludovica"]
[Black "Couto, Januario"]
[Result "1-0"]
[WhiteElo "1346"]
[BlackElo "1387"]
[PlyCount "77"]

1. e4 c6 2. d4 d5 3. Nc3 dxe4 4. Nxe4 Bf5 5. Ng3 Bg6 6. N1e2 Nf6 7. Nf4 Nbd7 8.
Nxg6 hxg6 9. Bc4 e6 10. O-O Bd6 11. Qf3 Nb6 12. Qb3 Qc7 13. Be2 Ne4 14. c4 Nxg3
15. hxg3 Nd7 16. Qf3 Nf6 17. Bg5 Be7 18. Rad1 Nh5 19. Bxe7 Qxe7 20. Bd3 O-O-O
21. Be2 Rh7 22. d5 exd5 23. cxd5 cxd5 24. Qc3+ Kb8 25. Bg4 Nf6 26. Rfe1 Rdh8
27. Bh3 Qc7 28. Qxc7+ Kxc7 29. f3 Re8 30. Rxe8 Nxe8 31. Rxd5 Kc6 32. Re5 Nf6
33. Re7 Nh5 34. Kf2 f5 35. Re6+ Kd7 36. Rxg6 Ke7 37. Bxf5 Nf6 38. Rxf6 gxf6 39.
Bxh7 1-0

[Event "Tournoi francophone 016 Groupe C"]
[Site "Skype"]
[Date "????.??.??"]
[Round "2.5"]
[White "Fernandez Arrizabala, Raul"]
[Black "Gharbi, Said"]
[Result "1-0"]
[WhiteElo "1426"]
[BlackElo "1318"]
[PlyCount "67"]

1. e4 e5 2. Nf3 Nc6 3. Bb5 Nge7 4. Nc3 a6 5. Bc4 b5 6. Bb3 Ng6 7. d4 exd4 8.
Nxd4 Nxd4 9. Qxd4 c5 10. Bxf7+ Kxf7 11. Qd5+ Ke8 12. Qxa8 c4 13. Bg5 Be7 14.
Bxe7 Nxe7 15. Qb8 Nc6 16. Qg3 g6 17. O-O d6 18. Rfe1 Kf7 19. Rad1 Ne5 20. f4
Ng4 21. h3 Qb6+ 22. Kf1 Nf6 23. e5 Nh5 24. Qf3 Bb7 25. Nd5 Ng3+ 26. Qxg3 Bxd5
27. Rxd5 dxe5 28. fxe5 Ke8 29. e6 Rf8+ 30. Ke2 Rf6 31. Kd1 a5 32. Qd6 Qxd6 33.
Rxd6 Ke7 34. Ra6 1-0

[Event "Tournoi francophone 016 Groupe C"]
[Site "Skype"]
[Date "????.??.??"]
[Round "3.1"]
[White "Gharbi, Said"]
[Black "Pouteau, Pascal"]
[Result "0-1"]
[WhiteElo "1318"]
[BlackElo "1345"]
[PlyCount "66"]

1. e4 c6 2. e5 d5 3. d4 Bf5 4. Bd3 Bxd3 5. Qxd3 e6 6. Nf3 Bb4+ 7. c3 Ba5 8. O-O
Nd7 9. Re1 Ne7 10. Ng5 Nf5 11. b4 Bb6 12. Qh3 h6 13. Qh5 Qe7 14. Nf3 O-O-O 15.
Qg4 Rdg8 16. Bf4 g5 17. Bg3 h5 18. Qh3 g4 19. Bh4 gxh3 20. Bxe7 Nxe7 21. g3 Nf5
22. Kf1 h4 23. Nbd2 hxg3 24. fxg3 Kd8 25. Kf2 Ke7 26. Rg1 Rg4 27. Nf1 f6 28.
Ne3 Nxe3 29. Kxe3 fxe5 30. a4 exd4+ 31. cxd4 e5 32. Ke2 Re4+ 33. Kd3 Bxd4 0-1

[Event "Tournoi francophone 016 Groupe C"]
[Site "Skype"]
[Date "????.??.??"]
[Round "3.2"]
[White "Castellanos Gonzalez, Mariano"]
[Black "Fernandez Arrizabala, Raul"]
[Result "0-1"]
[WhiteElo "1438"]
[BlackElo "1426"]
[PlyCount "62"]

1. e4 e6 2. d4 d5 3. e5 c5 4. c3 Nc6 5. Nf3 Qb6 6. Na3 cxd4 7. cxd4 Bb4+ 8. Bd2
Qa5 9. Nc2 Bxd2+ 10. Qxd2 Qxd2+ 11. Nxd2 Nge7 12. g4 O-O 13. Rc1 Bd7 14. Nb3 b6
15. h4 f6 16. f4 fxe5 17. fxe5 Rf4 18. Be2 Raf8 19. Kd2 a5 20. Ke3 Re4+ 21. Kd2
a4 22. Nba1 Nxd4 23. Nxd4 Rxd4+ 24. Kc3 Re4 25. Rh2 Rxe5 26. Nc2 Re4 27. h5 e5
28. Rg1 Rc8+ 29. Kd2 Rf4 30. Ne3 Rd4+ 31. Ke1 Rc1+ 0-1

[Event "Tournoi francophone 016 Groupe C"]
[Site "Skype"]
[Date "????.??.??"]
[Round "3.3"]
[White "Couto, Januario"]
[Black "Le Brun, Yves"]
[Result "0-1"]
[WhiteElo "1387"]
[BlackElo "1335"]
[PlyCount "76"]

1. e4 d5 2. Nc3 dxe4 3. Nxe4 Bf5 4. Ng3 Bg6 5. h4 h6 6. Nf3 Nf6 7. Bc4 e6 8. c3
Bd6 9. h5 Bh7 10. Ne2 Nbd7 11. d4 a6 12. Bf4 b5 13. Bb3 Be4 14. Bxd6 cxd6 15.
Ng3 d5 16. Nxe4 Nxe4 17. Qe2 O-O 18. Bc2 Ndf6 19. Qd3 Qd6 20. Ne5 b4 21. c4
dxc4 22. Nxc4 Qf4 23. Qe3 Qxe3+ 24. Nxe3 Nd6 25. Rc1 Rfd8 26. Bb3 Nb5 27. d5
exd5 28. Nf5 d4 29. Ne7+ Kf8 30. Nc6 Rac8 31. Ke2 d3+ 32. Kd2 Rd6 33. Nxb4 Rxc1
34. Rxc1 a5 35. Nxd3 Ne4+ 36. Ke3 f5 37. Rc8+ Ke7 38. Rc7+ Nxc7 0-1

[Event "Tournoi francophone 016 Groupe C"]
[Site "Skype"]
[Date "????.??.??"]
[Round "3.4"]
[White "Gadow, Martin"]
[Black "Amato, Ludovica"]
[Result "1-0"]
[WhiteElo "1409"]
[BlackElo "1346"]
[PlyCount "61"]

1. d4 d5 2. Nf3 Nf6 3. g3 c6 4. Bg2 Bf5 5. Nbd2 Nbd7 6. O-O Qc7 7. c4 dxc4 8.
Nxc4 O-O-O 9. Bf4 e5 10. Ncxe5 Nxe5 11. Bxe5 Bd6 12. Qa4 Kb8 13. Rfd1 Rdg8 14.
Bxd6 Qxd6 15. Ne5 Qc7 16. Rac1 Be4 17. Bxe4 Nxe4 18. Qb3 Rc8 19. Rxc6 Qe7 20.
Rdc1 f6 21. Rxc8+ Rxc8 22. Nc6+ Rxc6 23. Rxc6 a6 24. Rxa6 Qd7 25. Qg8+ Kc7 26.
Qc4+ Kb8 27. Ra3 Qf5 28. f3 Nd2 29. Qc1 Qb1 30. Qxb1 Nxb1 31. Rd3 1-0

[Event "Tournoi francophone 016 Groupe C"]
[Site "Skype"]
[Date "????.??.??"]
[Round "3.5"]
[White "Harmelle, Dominique"]
[Black "Sauvaget, Joel"]
[Result "1-0"]
[WhiteElo "1402"]
[BlackElo "1290"]
[PlyCount "81"]

1. d4 d5 2. Nf3 c6 3. e3 Nf6 4. Bd3 Bg4 5. Nbd2 e6 6. O-O Be7 7. h3 Bxf3 8.
Nxf3 O-O 9. b3 Nbd7 10. Bb2 Re8 11. Ne5 Qc7 12. Rc1 a6 13. c4 Bd6 14. f4 Bf8
15. Qf3 Qd8 16. cxd5 exd5 17. g4 Be7 18. g5 Nxe5 19. dxe5 Nd7 20. Qh5 g6 21.
Qh6 Bf8 22. Qh4 Bg7 23. Rce1 Nf8 24. Qg3 Ne6 25. h4 Nf8 26. f5 gxf5 27. Rxf5
Ng6 28. Ref1 Qd7 29. Rxf7 Qxf7 30. Rxf7 Kxf7 31. Bxg6+ hxg6 32. e6+ Kg8 33.
Bxg7 Kxg7 34. Qe5+ Kh7 35. e7 Rg8 36. Qf6 Rae8 37. Qf7+ Kh8 38. Kf2 b5 39. Kf3
d4 40. exd4 Rd8 41. exd8=Q 1-0

[Event "Tournoi francophone 016 Groupe C"]
[Site "Skype"]
[Date "????.??.??"]
[Round "4.1"]
[White "Pouteau, Pascal"]
[Black "Sauvaget, Joel"]
[Result "1-0"]
[WhiteElo "1345"]
[BlackElo "1290"]
[PlyCount "43"]

1. d4 d5 2. Nc3 c6 3. e4 dxe4 4. Nxe4 g6 5. Nf3 Bg7 6. Bg5 Bg4 7. Be2 Bxf3 8.
Bxf3 Nd7 9. c3 Ndf6 10. Qb3 Qc7 11. Nc5 b6 12. Nd3 Nd7 13. Bf4 Qc8 14. O-O Ngf6
15. Rfe1 e6 16. Bd6 Bf8 17. Bxf8 Kxf8 18. Nf4 Kg7 19. Qb4 Qc7 20. g3 Rab8 21.
Rxe6 fxe6 22. Nxe6+ 1-0

[Event "Tournoi francophone 016 Groupe C"]
[Site "Skype"]
[Date "????.??.??"]
[Round "4.2"]
[White "Amato, Ludovica"]
[Black "Harmelle, Dominique"]
[Result "1/2-1/2"]
[WhiteElo "1346"]
[BlackElo "1402"]
[PlyCount "74"]

1. e4 c5 2. Nf3 d6 3. Bc4 Nf6 4. d3 e6 5. O-O Be7 6. c3 O-O 7. Re1 Nc6 8. Bb3
a6 9. h3 b5 10. Be3 Bb7 11. Bc2 Qc7 12. Nbd2 Rfd8 13. d4 cxd4 14. Nxd4 Ne5 15.
Qe2 Rac8 16. f4 Nc4 17. Nxc4 Qxc4 18. Qxc4 bxc4 19. Bf2 Nd7 20. Rad1 Nc5 21. b4
cxb3 22. axb3 Nd7 23. c4 Kf8 24. Ra1 g6 25. Ra5 Bf6 26. Ne2 e5 27. Be3 exf4 28.
Bxf4 Nc5 29. Rd1 Be5 30. Bxe5 dxe5 31. Rxd8+ Rxd8 32. Rxc5 Rd2 33. Rxe5 Rxe2
34. Bd3 Rb2 35. Rc5 Rxb3 36. Rc7 Rxd3 37. Rxb7 Rc3 1/2-1/2

[Event "Tournoi francophone 016 Groupe C"]
[Site "Skype"]
[Date "????.??.??"]
[Round "4.3"]
[White "Le Brun, Yves"]
[Black "Gadow, Martin"]
[Result "0-1"]
[WhiteElo "1335"]
[BlackElo "1409"]
[PlyCount "46"]

1. d4 Nf6 2. c4 e6 3. Nf3 d5 4. g3 c5 5. Qb3 Nc6 6. e3 dxc4 7. Qxc4 cxd4 8.
exd4 Bb4+ 9. Bd2 Bxd2+ 10. Nbxd2 O-O 11. Bg2 Bd7 12. Nb3 Na5 13. Nxa5 Qxa5+ 14.
Qc3 Qa6 15. Bf1 Bb5 16. Nd2 Rac8 17. Qa3 Bxf1 18. Rxf1 Qb6 19. Nf3 Rc2 20. b3
Rfc8 21. Kd1 Nd5 22. Ke1 Qb5 23. Rd1 Re2# 0-1

[Event "Tournoi francophone 016 Groupe C"]
[Site "Skype"]
[Date "????.??.??"]
[Round "4.4"]
[White "Fernandez Arrizabala, Raul"]
[Black "Couto, Januario"]
[Result "1-0"]
[WhiteElo "1426"]
[BlackElo "1387"]
[PlyCount "39"]

1. e4 c6 2. Nf3 d5 3. exd5 cxd5 4. d4 Bg4 5. h3 Bh5 6. g4 Bg6 7. Ne5 Nc6 8.
Nxg6 hxg6 9. Nc3 e6 10. Bd2 a6 11. Bg2 Bd6 12. Qe2 Nf6 13. g5 Nd7 14. Nxd5 O-O
15. Nc3 Nxd4 16. Qe4 Nc6 17. O-O-O Nc5 18. Qe2 Nd4 19. Qg4 Qc7 20. Qxd4 1-0

[Event "Tournoi francophone 016 Groupe C"]
[Site "Skype"]
[Date "????.??.??"]
[Round "4.5"]
[White "Gharbi, Said"]
[Black "Castellanos Gonzalez, Mariano"]
[Result "1-0"]
[WhiteElo "1318"]
[BlackElo "1438"]
[PlyCount "54"]

1. e4 e5 2. Nf3 Nf6 3. Nc3 Nc6 4. Bc4 h6 5. d3 d5 6. exd5 Nb4 7. Nxe5 Nbxd5 8.
Nxd5 Nxd5 9. Qf3 Be6 10. O-O Bd6 11. Bb5+ Kf8 12. Bc4 Bxe5 13. Re1 Bf6 14. a4
c6 15. Bd2 Qd6 16. Bb3 Bxb2 17. Rab1 Bf6 18. c4 Nc7 19. Bc2 Bg5 20. Bb4 c5 21.
Ba3 b6 22. Bb2 Bf6 23. Bxf6 gxf6 24. Qxf6 Rh7 25. d4 Ne8 26. Qf3 Rc8 27. Bxh7
Qxd4 1-0

[Event "Tournoi francophone 016 Groupe C"]
[Site "Skype"]
[Date "????.??.??"]
[Round "5.1"]
[White "Castellanos Gonzalez, Mariano"]
[Black "Pouteau, Pascal"]
[Result "1-0"]
[WhiteElo "1438"]
[BlackElo "1345"]
[PlyCount "79"]

1. e4 c6 2. d4 d5 3. e5 Bf5 4. g4 Be4 5. f3 Bg6 6. h4 h6 7. h5 Bh7 8. Bd3 Bxd3
9. Qxd3 e6 10. Bf4 Be7 11. Nd2 Bh4+ 12. Kd1 Nd7 13. Ne2 Be7 14. Bg3 Qb6 15. Rb1
c5 16. c3 c4 17. Qc2 Qa6 18. f4 Bd8 19. f5 Bg5 20. Bf4 Bxf4 21. Nxf4 Ne7 22.
fxe6 Nf8 23. exf7+ Kxf7 24. Rf1 Ke8 25. b3 Ne6 26. bxc4 Rf8 27. Nxe6 Qxe6 28.
Qa4+ Qc6 29. Qxc6+ bxc6 30. Kc2 Kd7 31. Rb7+ Ke8 32. cxd5 cxd5 33. Rxf8+ Kxf8
34. Kd3 Kf7 35. Nf1 Ke6 36. Ne3 a6 37. c4 dxc4+ 38. Nxc4 Nd5 39. Rxg7 Rc8 40.
Rg6+ 1-0

[Event "Tournoi francophone 016 Groupe C"]
[Site "Skype"]
[Date "????.??.??"]
[Round "5.2"]
[White "Couto, Januario"]
[Black "Gharbi, Said"]
[Result "1/2-1/2"]
[WhiteElo "1387"]
[BlackElo "1318"]
[PlyCount "55"]

1. e4 e5 2. Nf3 d6 3. d4 Bg4 4. dxe5 Bxf3 5. Qxf3 dxe5 6. Bc4 Nf6 7. Bg5 Be7 8.
Nd2 O-O 9. Rd1 Qd6 10. O-O Nbd7 11. c3 Qc6 12. Bb3 Nc5 13. Bc2 Rad8 14. b4 Na4
15. Bxf6 Bxf6 16. c4 Nb2 17. Rc1 Nxc4 18. Nxc4 Qxc4 19. a3 Bg5 20. Bb3 Qb5 21.
Rxc7 Rd7 22. Rxd7 Qxd7 23. Rd1 Qc7 24. g3 Bc1 25. a4 Kh8 26. Qd3 Bg5 27. Qc4
Qxc4 28. Bxc4 1/2-1/2

[Event "Tournoi francophone 016 Groupe C"]
[Site "Skype"]
[Date "????.??.??"]
[Round "5.3"]
[White "Gadow, Martin"]
[Black "Fernandez Arrizabala, Raul"]
[Result "0-1"]
[WhiteElo "1409"]
[BlackElo "1426"]
[PlyCount "88"]

1. d4 d5 2. Nf3 Nf6 3. g3 e6 4. Bg2 c6 5. O-O Bd6 6. b3 O-O 7. Nbd2 Nbd7 8. c4
e5 9. dxe5 Nxe5 10. Bb2 Nxf3+ 11. Bxf3 Bh3 12. Bg2 Bxg2 13. Kxg2 Re8 14. cxd5
Nxd5 15. Nc4 Bf8 16. e3 b5 17. Ne5 Qc7 18. Nf3 Rad8 19. Nd4 c5 20. Rc1 Rxe3 21.
Kg1 Ree8 22. Qf3 Qe5 23. Rce1 Qxe1 24. Rxe1 Rxe1+ 25. Kg2 cxd4 26. Bxd4 a6 27.
h4 Re6 28. h5 Nb4 29. Bc3 Nxa2 30. Ba5 Rdd6 31. b4 h6 32. Qa8 Rd2 33. Qb8 Ree2
34. Bb6 Nxb4 35. Bc5 Rxf2+ 36. Bxf2 Nd3 37. Kf3 Nxf2 38. Ke3 Ra2 39. Qd8 b4 40.
Qd5 Rc2 41. Kf3 Rc5 42. Qa2 Nd1 43. Qa4 b3 44. Qd4 b2 0-1

[Event "Tournoi francophone 016 Groupe C"]
[Site "Skype"]
[Date "????.??.??"]
[Round "5.4"]
[White "Harmelle, Dominique"]
[Black "Le Brun, Yves"]
[Result "1-0"]
[WhiteElo "1402"]
[BlackElo "1335"]
[PlyCount "25"]

1. d4 d5 2. Nf3 Bf5 3. e3 Nf6 4. Nbd2 Nbd7 5. Be2 e6 6. a3 Bd6 7. b3 c6 8. Bb2
h6 9. Ne5 Qc7 10. Ndf3 Bg4 11. Nxd7 Bxf3 12. Nxf6+ gxf6 13. Bxf3 1-0

[Event "Tournoi francophone 016 Groupe C"]
[Site "Skype"]
[Date "????.??.??"]
[Round "5.5"]
[White "Sauvaget, Joel"]
[Black "Amato, Ludovica"]
[Result "1/2-1/2"]
[WhiteElo "1290"]
[BlackElo "1346"]
[PlyCount "37"]

1. d4 d5 2. Bf4 c5 3. e3 a6 4. Nf3 Nf6 5. Be2 Qb6 6. Qc1 Nc6 7. c3 g6 8. Nbd2
Bg7 9. h3 O-O 10. O-O Bf5 11. Nh4 Bd7 12. Nhf3 Rac8 13. dxc5 Qxc5 14. Nb3 Qb6
15. Bd3 Rfe8 16. Bc2 e5 17. Bg3 Na5 18. Bxe5 Nc6 19. Bd4 1/2-1/2

[Event "Tournoi francophone 016 Groupe C"]
[Site "Skype"]
[Date "????.??.??"]
[Round "6.1"]
[White "Pouteau, Pascal"]
[Black "Amato, Ludovica"]
[Result "0-1"]
[WhiteElo "1345"]
[BlackElo "1346"]
[PlyCount "68"]

1. d4 d5 2. Nc3 Nf6 3. Bg5 h6 4. Bh4 Bf5 5. Nf3 Nbd7 6. h3 e6 7. e3 a6 8. a3
Bd6 9. Bd3 Bxd3 10. Qxd3 O-O 11. e4 dxe4 12. Nxe4 Be7 13. Nc3 Re8 14. Bg3 c5
15. Rd1 Qb6 16. O-O cxd4 17. Na4 Qc6 18. Qxd4 Qxc2 19. Nb6 Nxb6 20. Qxb6 Ne4
21. Nd4 Bc5 22. Qxb7 Bxd4 23. Rxd4 Nxg3 24. fxg3 Qc5 25. Qxf7+ Kh8 26. Qd7 e5
27. Qa4 Qxd4+ 28. Qxd4 exd4 29. Rd1 Rad8 30. Kf2 d3 31. Rd2 Rd6 32. b4 Rf6+ 33.
Kg1 Re1+ 34. Kh2 Rff1 0-1

[Event "Tournoi francophone 016 Groupe C"]
[Site "Skype"]
[Date "????.??.??"]
[Round "6.2"]
[White "Le Brun, Yves"]
[Black "Sauvaget, Joel"]
[Result "1/2-1/2"]
[WhiteElo "1335"]
[BlackElo "1290"]
[PlyCount "65"]

1. d4 d5 2. Nf3 c6 3. Bf4 Nf6 4. Nbd2 g6 5. e3 Bg7 6. h3 O-O 7. Be2 Nbd7 8. Ne5
Nxe5 9. Bxe5 Ne8 10. Nf3 Nf6 11. c3 Nd7 12. Bxg7 Kxg7 13. O-O Nf6 14. Qc2 Bf5
15. Bd3 Bxd3 16. Qxd3 e6 17. Rae1 Ne4 18. Qe2 a6 19. Kh1 f5 20. g3 h6 21. Rg1
Qe7 22. Ne5 Rf6 23. f3 Ng5 24. h4 Nf7 25. g4 Nxe5 26. g5 hxg5 27. dxe5 Rff8 28.
Qg2 Rh8 29. Qg3 Rh5 30. Re2 Rxh4+ 31. Rh2 Rah8 32. Rxh4 Rxh4+ 33. Kg2 1/2-1/2

[Event "Tournoi francophone 016 Groupe C"]
[Site "Skype"]
[Date "????.??.??"]
[Round "6.3"]
[White "Fernandez Arrizabala, Raul"]
[Black "Harmelle, Dominique"]
[Result "1-0"]
[WhiteElo "1426"]
[BlackElo "1402"]
[PlyCount "65"]

1. e4 c5 2. Nf3 d6 3. c3 Nf6 4. Bd3 Nc6 5. O-O Bg4 6. Bc2 b5 7. a4 a6 8. Re1 e5
9. h3 Bh5 10. axb5 axb5 11. Rxa8 Qxa8 12. Na3 Qb7 13. g4 Bg6 14. Nh4 Be7 15.
Qe2 c4 16. d3 d5 17. exd5 Nxd5 18. Nxg6 hxg6 19. dxc4 bxc4 20. Qxc4 Nb6 21. Qb5
O-O 22. Be4 Bxa3 23. Bxc6 Qc7 24. bxa3 Rb8 25. Be3 Nd7 26. Qd5 Nf6 27. Qg2 Rb3
28. a4 Rxc3 29. Bb5 Kh7 30. Rd1 Rxe3 31. fxe3 Qc3 32. Qf2 Ne4 33. Qh4+ 1-0

[Event "Tournoi francophone 016 Groupe C"]
[Site "Skype"]
[Date "????.??.??"]
[Round "6.4"]
[White "Gharbi, Said"]
[Black "Gadow, Martin"]
[Result "0-1"]
[WhiteElo "1318"]
[BlackElo "1409"]
[PlyCount "55"]

1. d4 Nf6 2. Nf3 d5 3. Ne5 Nbd7 4. Bg5 Ne4 5. Bf4 e6 6. e3 Be7 7. Nd2 O-O 8.
Nxe4 dxe4 9. c3 c5 10. Qc2 cxd4 11. cxd4 Nb6 12. Qxe4 Bb4+ 13. Kd1 f6 14. Nd3
Be7 15. Bg3 e5 16. dxe5 fxe5 17. Bxe5 Bf5 18. Qd4 Qxd4 19. Bxd4 Bxd3 20. Bxd3
Rxf2 21. g3 Bb4 22. Rc1 Rd2+ 23. Ke1 Rxd3+ 24. Kf2 Rf8+ 25. Kg2 Rd2+ 26. Kh3
Nd5 27. a3 Bd6 28. Rc5 0-1

[Event "Tournoi francophone 016 Groupe C"]
[Site "Skype"]
[Date "????.??.??"]
[Round "6.5"]
[White "Castellanos Gonzalez, Mariano"]
[Black "Couto, Januario"]
[Result "1/2-1/2"]
[WhiteElo "1438"]
[BlackElo "1387"]
[PlyCount "68"]

1. e4 c6 2. d4 d5 3. e5 Bf5 4. g4 Bg6 5. h4 h6 6. h5 Bh7 7. Bd3 Bxd3 8. Qxd3 e6
9. Bf4 Nd7 10. Nd2 Bb4 11. c3 Ba5 12. Ne2 Ne7 13. Bg3 c5 14. Bh4 Rc8 15. f4 c4
16. Qc2 b5 17. f5 Nf8 18. Nf4 Qc7 19. fxe6 Nxe6 20. Bxe7 Nxf4 21. O-O Nd3 22.
Bd6 Qd7 23. Qd1 b4 24. Rb1 bxc3 25. bxc3 Bxc3 26. Rf5 Bxd4+ 27. Kg2 Bc5 28.
Bxc5 Nxc5 29. Nf3 O-O 30. Nd4 Ne6 31. Nb5 a6 32. Nd6 Rc7 33. Qf3 Ng5 34. Qxd5
Qe6 1/2-1/2

[Event "Tournoi francophone 016 Groupe C"]
[Site "Skype"]
[Date "????.??.??"]
[Round "7.1"]
[White "Couto, Januario"]
[Black "Pouteau, Pascal"]
[Result "0-1"]
[WhiteElo "1387"]
[BlackElo "1345"]
[PlyCount "56"]

1. c4 d5 2. Nf3 d4 3. d3 Bg4 4. Bf4 c5 5. Nbd2 Nc6 6. h3 Bf5 7. Qa4 Bd7 8. Qc2
Qb6 9. a3 Nf6 10. Rb1 Nh5 11. Bh2 g6 12. Ne5 Nxe5 13. Bxe5 f6 14. Bh2 e5 15. g4
Nf4 16. Bxf4 exf4 17. Bg2 f5 18. g5 Be7 19. h4 Bc6 20. Bxc6+ Qxc6 21. O-O h6
22. gxh6 Rxh6 23. Nf3 Bxh4 24. Nxh4 Rxh4 25. f3 g5 26. Rf2 g4 27. Qd1 g3 28.
Rg2 O-O-O 0-1

[Event "Tournoi francophone 016 Groupe C"]
[Site "Skype"]
[Date "????.??.??"]
[Round "7.2"]
[White "Gadow, Martin"]
[Black "Castellanos Gonzalez, Mariano"]
[Result "1-0"]
[WhiteElo "1409"]
[BlackElo "1438"]
[PlyCount "57"]

1. d4 Nf6 2. Nf3 e6 3. Bf4 b6 4. Nbd2 Bb7 5. e3 d5 6. Bd3 Bd6 7. Bg3 Qe7 8. Ne5
Nbd7 9. c3 c5 10. f3 O-O 11. Bh4 a5 12. Nxd7 Qxd7 13. O-O Ba6 14. c4 dxc4 15.
Nxc4 Bxc4 16. Bxc4 cxd4 17. Bxf6 gxf6 18. Qxd4 Qd8 19. Rad1 f5 20. f4 Bc5 21.
Qe5 Qe7 22. Rf3 f6 23. Bxe6+ Kh8 24. Qxf5 Rad8 25. Rd7 Rxd7 26. Bxd7 Bxe3+ 27.
Kh1 Rd8 28. Rxe3 Qxe3 29. Qxf6+ 1-0

[Event "Tournoi francophone 016 Groupe C"]
[Site "Skype"]
[Date "????.??.??"]
[Round "7.4"]
[White "Sauvaget, Joel"]
[Black "Fernandez Arrizabala, Raul"]
[Result "1/2-1/2"]
[WhiteElo "1290"]
[BlackElo "1426"]
[PlyCount "66"]

1. d4 d5 2. c4 e6 3. e3 Nf6 4. Nf3 c5 5. Be2 Nc6 6. O-O dxc4 7. Bxc4 cxd4 8.
Nxd4 Nxd4 9. exd4 Bd6 10. Nd2 O-O 11. Nf3 Qc7 12. Bb3 h6 13. Be3 Ng4 14. g3
Nxe3 15. fxe3 b6 16. Rc1 Qe7 17. Qd3 e5 18. dxe5 Bxe5 19. Bc2 f5 20. Rce1 a5
21. e4 Ba6 22. Qb3+ Kh8 23. Nxe5 Qxe5 24. exf5 Qc5+ 25. Rf2 Rae8 26. Rxe8 Rxe8
27. Qc3 Qxc3 28. bxc3 Re3 29. Bb3 Rxc3 30. f6 Rc1+ 31. Kg2 Rc8 32. f7 Rf8 33.
Rd2 Bb5 1/2-1/2

[Event "Tournoi francophone 016 Groupe C"]
[Site "Skype"]
[Date "????.??.??"]
[Round "7.5"]
[White "Amato, Ludovica"]
[Black "Le Brun, Yves"]
[Result "1/2-1/2"]
[WhiteElo "1346"]
[BlackElo "1335"]
[PlyCount "49"]

1. e4 d5 2. exd5 Qxd5 3. Nc3 Qd8 4. Nf3 Bg4 5. Bc4 Nf6 6. h3 Bxf3 7. Qxf3 c6 8.
O-O e6 9. Re1 Be7 10. d3 Nbd7 11. Bf4 O-O 12. Rad1 Nb6 13. Bb3 Nbd5 14. Nxd5
Nxd5 15. Be5 Bf6 16. Bxd5 exd5 17. Bxf6 Qxf6 18. Re7 b6 19. d4 Rfe8 20. Rde1
Kf8 21. Rxe8+ Rxe8 22. Kf1 Rxe1+ 23. Kxe1 h6 24. b4 b5 25. h4 1/2-1/2